000 00265nam a22001217a 4500
008 180306b xxu||||| |||| 00| 0 eng d
041 _aeng
080 _23 ed
_a.33
100 _a59
101 _abus
245 _avaluning a business
_cprattsh.p
942 _2udc
_cBK
999 _c44210
_d44210